| 000 | 02194cas a2200577 a 4500 | ||
|---|---|---|---|
| 001 | 14902828 | ||
| 003 | OSt | ||
| 005 | 20211102161148.0 | ||
| 008 | 070625c20079999ii tr p 0 a0eng | ||
| 010 | _a 2007389189 | ||
| 015 |
_a99142879X _2dnb |
||
| 016 | 7 |
_a2467367-5 _2DE-600 |
|
| 016 | 7 |
_a99142879X _2DE-101 |
|
| 022 | 0 |
_a0973-7030 _l0973-7030 _220 |
|
| 025 | _aI-E-E-2007-389189; 69-90 | ||
| 035 | _a(OCoLC)ocn145463930 | ||
| 040 |
_aDLC _beng _cDLC _dDLC _dOCLCQ _dGBVCP _dOCLCO _dOCLCQ _dOCLCF _dOCLCO _dDLC _dOCLCA _dCUY _dDLC |
||
| 042 | _apcc | ||
| 043 | _aa-ii--- | ||
| 050 | 0 | 0 |
_aHN684 _b.I53 |
| 210 | 1 |
_aIndian j. hum. dev. _b(Print) |
|
| 222 | 0 |
_aIndian journal of human development _b(Print) |
|
| 245 | 0 | 0 | _aIndian journal of human development. |
| 260 |
_aNew Delhi : _bInstitute for Human Development, _c2007- |
||
| 264 | 3 | 1 |
_3<April 2016-> : _aLos Angeles ; _aLondon ; _aNew Delhi : _bSAGE Publications |
| 300 |
_avolumes ; _c25 cm |
||
| 310 |
_aTri-annually, _b<2016>- |
||
| 321 |
_aSemiannual, _b2007- |
||
| 336 |
_atext _btxt _2rdacontent |
||
| 337 |
_aunmediated _bn _2rdamedia |
||
| 338 |
_avolume _bnc _2rdacarrier |
||
| 362 | 0 | _aVol. 1, no. 1 (Jan. 2007)- | |
| 588 | _aTitle from cover. | ||
| 650 | 0 |
_aSocial indicators _zIndia _vPeriodicals. _99518 |
|
| 650 | 0 |
_aEconomic indicators _zIndia _vPeriodicals. _99519 |
|
| 650 | 0 |
_aQuality of life _zIndia _vPeriodicals. _99520 |
|
| 650 | 7 |
_aEntwicklung. _2stw _99521 |
|
| 650 | 7 |
_aSoziale Lage. _2stw _99522 |
|
| 650 | 7 |
_aEntwicklungsländer. _2stw _99523 |
|
| 650 | 7 |
_aEconomic indicators. _2fast _0(OCoLC)fst00901996 _99524 |
|
| 650 | 7 |
_aQuality of life. _2fast _0(OCoLC)fst01085009 _99525 |
|
| 650 | 7 |
_aSocial indicators. _2fast _0(OCoLC)fst01122522 _99526 |
|
| 651 | 7 |
_aIndia. _2fast _0(OCoLC)fst01210276 _99527 |
|
| 655 | 7 |
_aPeriodicals. _2fast _0(OCoLC)fst01411641 _99528 |
|
| 710 | 2 |
_aInstitute for Human Development (New Delhi, India) _99529 |
|
| 776 | 0 | 8 |
_iOnline version: _tIndian journal of human development _x2456-480X _w(DLC) 2020204475 _w(OCoLC)885203602 |
| 906 |
_a7 _bcbc _cserials _d3 _encip _f20 _gn-oclcserc |
||
| 942 |
_2ddc _cPR _s1 |
||
| 999 |
_c220356 _d220356 |
||